01663nam a2200385 a 4500001001200000003000800012006001900020007001500039008004100054010001700095020004300112020002700155040002100182035002100203043002100224050002400245082002100269100002800290245010900318260006800427300002400495440004700519504005100566533015200617610005400769650006400823650004900887651004300936651005000979651005901029655002901088710001701117856012601134999001701260ebr10658534CaPaEBRm u cr cn|||||||||120817s2013 enka sb 001 0 eng d z 2012030428 z9781409455776 (hardcover : alk. paper) z9781409455783 (e-book) aCaPaEBRcCaPaEBR a(OCoLC)828629057 ae-uk-enae-uk---14aBX5073b.Y68 2013eb04a283/.42090322231 aYoungman, Fiona,d1961-10aBaal's priestsh[electronic resource] :bthe loyalist clergy and the English Revolution /cFiona McCall. aFarnham, Surrey, England ;aBurlington, Vt. :bAshgate,cc2013. axvi, 336 p. :bill. 0aSt. Andrews studies in Reformation history aIncludes bibliographical references and index. aElectronic reproduction.bPalo Alto, Calif. :cebrary,d2013.nAvailable via World Wide Web.nAccess may be limited to ebrary affiliated libraries.20aChurch of EnglandxClergyxHistoryy17th century. 0aAnglican CommunionzEnglandxClergyxHistoryy17th century. 0aPersecutionzEnglandxHistoryy17th century. 0aEnglandxChurch historyy17th century. 0aGreat BritainxHistoryyCivil War, 1642-1649. 0aGreat BritainxHistoryyPuritan Revolution, 1642-1660. 7aElectronic books.2local2 aebrary, Inc.40uhttp://site.ebrary.com/lib/rucke/Doc?id=10658534zAn electronic book accessible through the World Wide Web; click to view c65406d65406